LIBRARY & INFORMATION CENTRE, KCAET, TAVANUR

ONLINE PUBLIC ACCESS CATALOGUE (OPAC)

Nanotechnology (Record no. 13901)

MARC details
000 -LEADER
fixed length control field 00302nam a22001337a 4500
020 ## - INTERNATIONAL STANDARD BOOK NUMBER
ISBN 9788126506255
082 ## - DEWEY DECIMAL CLASSIFICATION NUMBER
Classification number 620.43
Item number BOO/NA
100 ## - MAIN ENTRY--AUTHOR NAME
Personal name Booker, Richard
245 ## - TITLE STATEMENT
Title Nanotechnology
260 ## - PUBLICATION, DISTRIBUTION, ETC. (IMPRINT)
Place of publication New Delhi
Name of publisher Wiley India Pvt. Ltd.
Year of publication 2011
300 ## - PHYSICAL DESCRIPTION
Number of Pages 361
700 ## - ADDED ENTRY--PERSONAL NAME
Personal name Boysen, Earl
942 ## - ADDED ENTRY ELEMENTS (KOHA)
Koha item type Books
Holdings
Withdrawn status Lost status Damaged status Collection code Home library Current library Shelving location Date acquired Source of acquisition Full call number Accession Number Koha item type
      Non-fiction KAUAET KAUAET General Stacks 30/03/2013 Calicut Book Distributors 620.43 BOO/NA 23692 Books
free website counter